LITIKAI (Record no. 1192)
[ view plain ]
| 000 -LEADER | |
|---|---|
| fixed length control field | 00356cam a2200169ua 4500 |
| 008 - FIXED-LENGTH DATA ELEMENTS--GENERAL INFORMATION | |
| fixed length control field | 120710n II |||gr||||Z||||||asm |
| 040 ## - CATALOGING SOURCE | |
| Original cataloging agency | MAIN |
| 041 ## - LANGUAGE CODE | |
| -- | English |
| 082 ## - DEWEY DECIMAL CLASSIFICATION NUMBER | |
| Classification number | 891.454 BEZ |
| 082 ## - DEWEY DECIMAL CLASSIFICATION NUMBER | |
| Classification number | 891.454 BEJ |
| 100 ## - MAIN ENTRY--PERSONAL NAME | |
| Personal name | BEZBARUAH, LAKHMINATH. |
| 245 ## - TITLE STATEMENT | |
| Title | LITIKAI |
| 300 ## - PHYSICAL DESCRIPTION | |
| Dimensions | 18CM. |
| 942 ## - ADDED ENTRY ELEMENTS (KOHA) | |
| Koha item type | Books |
| 653 ## - INDEX TERM--UNCONTROLLED | |
| Uncontrolled term | Asomiya Natak |
| Withdrawn status | Lost status | Damaged status | Not for loan | Collection code | Home library | Current library | Shelving location | Date acquired | Full call number | Barcode | Date last seen | Copy number | Price effective from | Koha item type | Public note |
|---|---|---|---|---|---|---|---|---|---|---|---|---|---|---|---|
| REFASM | Central Library and Information Centre Sibsagar Girls College | Central Library and Information Centre Sibsagar Girls College | 07.04.1968 | 891.454 BEZ | 01316 | 27.02.2020 | 1 | 27.02.2020 | Books | ||||||
| REFASM | Central Library and Information Centre Sibsagar Girls College | Central Library and Information Centre Sibsagar Girls College | ASSAMESE REFERENCE RACK | 07.04.1968 | 891.454 BEJ | 01317 | 27.02.2020 | 2 | 27.02.2020 | Books | V |